Peep at industries rubber (Record no. 20154)

MARC details
000 -LEADER
fixed length control field 00408nam a2200157Ia 4500
082 ## - DEWEY DECIMAL CLASSIFICATION NUMBER
Classification number NR:633.912.11
Item number BRO
100 ## - MAIN ENTRY--AUTHOR NAME
Personal name Browne, Edith A
245 #0 - TITLE STATEMENT
Title Peep at industries rubber
260 ## - PUBLICATION, DISTRIBUTION, ETC. (IMPRINT)
Place of publication London
Name of publisher Adam and Charles Black
Year of publication 1912
650 ## - SUBJECT ADDED ENTRY--TOPICAL TERM
Topical Term Ceara rubber
650 ## - SUBJECT ADDED ENTRY--TOPICAL TERM
Topical Term Ficus elastica
650 ## - SUBJECT ADDED ENTRY--TOPICAL TERM
Topical Term Rubber history
650 ## - SUBJECT ADDED ENTRY--TOPICAL TERM
Topical Term Wild rubber
942 ## - ADDED ENTRY ELEMENTS (KOHA)
Koha item type Books
Holdings
Withdrawn status Lost status Damaged status Not for loan Home library Current library Date acquired Full call number Accession Number Koha item type
        RRII Library RRII Library 16/12/2021 NR:633.912.11 BRO 00881 Books